Neuromarketing ako súčasť spotrebiteľskej neurovedy dizertačná práca

Guardado en:
Detalles Bibliográficos
Autor principal: Hula, Róbert, 1992-
Autor Corporativo: Obchodná fakulta EU. Katedra marketingu
Otros Autores: Hanuláková, Eva, 1964-
Formato: Libro
Lenguaje:eslovaco
Publicado: Bratislava 2023
Materias:
Etiquetas: Agregar Etiqueta
Sin Etiquetas, Sea el primero en etiquetar este registro!

MARC

LEADER 00000nbm a2200000 4500
001 0295313
005 20230711091506.2
041 0 |a slo 
044 |a SK 
245 1 0 |a Neuromarketing ako súčasť spotrebiteľskej neurovedy  |b dizertačná práca  |c Róbert Hula ; školiteľ: Eva Hanuláková 
264 1 |a Bratislava  |c 2023 
300 |a 193 s. 
610 2 0 |a neuromarketing 
610 2 0 |a neuroveda 
610 2 0 |a marketing 
610 2 0 |a správanie spotrebiteľa 
100 1 |a Hula, Róbert, 1992- 
700 1 |a Hanuláková, Eva, 1964- 
710 2 |a Obchodná fakulta EU. Katedra marketingu